000 00411 a2200145 4500
999 _c308
_d308
008 221102b ||||| |||| 00| 0 eng d
020 _a9781908833419
082 0 0 _a387.5448
_bI17
110 _92796
_aInstitute of Chartered Shipbrokers
245 _aDry cargo chartering /
260 _aLondon:
_bInstitute of Chartered Shipbroker,
_c2014.
300 _axii, 332 p.
650 0 _aCharter Parties
942 _2ddc
_cBK